000 00826cam a2200205 4500
001 WB4018-06
008 040512n2004 000 0 eng u
035 _a(Sirsi) u126179
245 _aBiomass as a renewable energy source
260 _c2004
490 _aRoyal Commission on Environmental Pollution News Release
_v11 May 2004 (6)
520 _aThe Royal Commission on Environmental Pollution has published a report entitled "Biomass as a renewable energy source". It examines opportunities for biomass to contribute to UK greenhouse gas reduction targets. The report is available on the RCEP website, http://www.rcep.org.uk/bioreport.htm.
590 _aWB
590 _aWB
650 _aRENEWABLE ENERGY SOURCES
650 _aBIOMASS ENERGY
650 _aENERGY POLICY
690 _aENERGY
_96237
942 _n0
999 _c117343
_d117343